[Event "BCF-chT2a 1516 (4NCL)"]
[Site "England"]
[Date "2016.01.24"]
[Round "4.218"]
[White "Klingher, Dominic"]
[Black "Donegan, Kate M"]
[Result "1-0"]
[WhiteElo "1997"]
[BlackElo "1570"]
[PlyCount "63"]
[EventDate "2015.11.14"]
[EventType "team-tourn"]
[EventRounds "7"]
[EventCountry "ENG"]
[SourceTitle "CBM 170 Extra"]
[Source "ChessBase"]
[SourceDate "2016.02.25"]
[SourceVersion "1"]
[SourceVersionDate "2016.02.25"]
[SourceQuality "1"]
[WhiteTeam "Barbican Youth"]
[BlackTeam "Warwicks Select"]
[WhiteTeamCountry "ENG"]
[BlackTeamCountry "ENG"]

1. e4 e6 2. d3 d5 3. Nd2 c5 4. g3 Nf6 5. Bg2 Nc6 6. Ngf3 Be7 7. 0-0 0-0 8. Re1 Re8 9. c3 Qb6 10. Nf1 d4 11. c4 e5 12. h3 Qc7 13. g4 Be6 14. Ng3 Qc8 15. Nf5 Bxf5 16. exf5 Bd6 17. g5 Nd7 18. Nh4 g6 19. Qg4 Nb6 20. f4 Qc7 21. fxg6 fxg6 22. f5 Kg7 23. Be4 Qc8 24. Rf1 Bc7 25. Kh1 Nd8 26. Bd2 a5 27. a3 a4 28. Rf3 Bd6 29. Raf1 Rb8 30. Qg3 Ra8 31. fxg6 hxg6 32. Nxg6 1-0